000 00984aam a2200337 i 4500
001 768714001
003 CO-MdFUSB
005 20250503105437.0
007 ta
008 250503t1991 sp |||| |||| 00| 0 spa d
020 _a84-87699-12-X
040 _cCO-MdFUSB
041 0 _aspa
082 0 4 _223
_a241
_bK9646p
100 1 _aKüng, Hans (1928-)
_eautor
240 _aProjekt Weltethos
245 1 0 _aProyecto de una ética mundial
_c/ Hans Küng ; traducido por Gilberto Canal Marcos
250 _atercera edición
264 1 _bTrotta,
_aMadrid, España :
_c[1991]
264 4 _c©1991
300 _a174 páginas
336 _atexto
_btxt
_2rdacontent
337 _2rdamedia
_asin mediación
_bn
338 _2rdacarrier
_avolumen
_bnc
490 _aColección Estructuras y Procesos., Serie Religión.
563 _aRústico
650 7 _aÉtica cristiana
_9185
700 _aCanal Marcos, Gilberto.
_92447
_etraductor
942 _cBK
945 _aJTF-925
999 _c35487
_d35487